<?xml version="1.0" encoding="UTF-8"?>
<marc:record xmlns:marc="http://www.loc.gov/MARC21/slim">
   <marc:leader>00000nam a2200000 a 4500</marc:leader>
   <marc:datafield ind1="1" ind2=" " tag="100">
      <marc:subfield code="a">Krug, Dietmar</marc:subfield>
      <marc:subfield code="4">aut</marc:subfield>
      <marc:subfield code="e">Verfasser/-in</marc:subfield>
   </marc:datafield>
   <marc:datafield ind1="0" ind2="0" tag="245">
      <marc:subfield code="a">Von der Buntheit der Krähen</marc:subfield>
   </marc:datafield>
   <marc:datafield ind1="0" ind2="0" tag="245">
      <marc:subfield code="b">Roman</marc:subfield>
   </marc:datafield>
   <marc:datafield ind1="0" ind2="0" tag="245">
      <marc:subfield code="c">Dietmar Krug</marc:subfield>
   </marc:datafield>
   <marc:datafield ind1=" " ind2="1" tag="264">
      <marc:subfield code="a">Salzburg</marc:subfield>
      <marc:subfield code="b">O. Müller</marc:subfield>
      <marc:subfield code="c">2020</marc:subfield>
   </marc:datafield>
   <marc:datafield ind1="1" ind2=" " tag="520">
      <marc:subfield code="a">Thomas kehrt nach vielen Jahren in sein Heimatdorf zurück und findet es in einer Art Ausnahmezustand vor: Eine Bürgerwehr hat sich gebildet, aufgestachelt von der Angst vor allem Fremden. In dieser Atmosphäre zwischen Paranoia und Gewaltbereitschaft trifft Thomas seinen Jugendfreund Karl wieder - auch er kehrt nach langer Zeit zurück ins Dorf. Beide waren damals Außenseiter und sind es geblieben. Während Thomas erschöpft und ausgebrannt eine Auszeit nehmen will, ringt Karl sich zu einem späten Coming-Out durch und stellt sich in Frauenkleidern den Dorfbewohnern. Im Verlauf des Romans brechen sich uralte Kränkungen ihre Bahn, entladen sich Jahrzehnte lang schwelende Spannungen plötzlich in offener Aggression. Thomas muss sich verdrängten Wünschen und Sehnsüchten stellen, denn er begegnet auch seiner Jugendliebe Karin, die das Dorf nie verlassen hat - ein Wiedersehen mit überraschenden Folgen.</marc:subfield>
   </marc:datafield>
   <marc:datafield ind1=" " ind2=" " tag="020">
      <marc:subfield code="a">9783701312757</marc:subfield>
      <marc:subfield code="9">9783701312757</marc:subfield>
   </marc:datafield>
   <marc:datafield ind1=" " ind2=" " tag="020">
      <marc:subfield code="a">3701312753</marc:subfield>
      <marc:subfield code="9">3701312753</marc:subfield>
   </marc:datafield>
   <marc:datafield ind1=" " ind2=" " tag="300">
      <marc:subfield code="a">402 S.</marc:subfield>
   </marc:datafield>
</marc:record>
